000
00314nam a2200133Ia 4500
008
150301s2015 xx 000 0 und d
082
_a
616.01
_b
M98P
100
_a
PELCZAR, MICHAEL J.
245
_a
MICROBIOLOGY
260
_b
TATA MEGRAW HILL IND
300
_a
918
650
_a
PHARMACEUTICS
942
_2
ddc
_c
BK
_0
2
999
_c
7363
_d
7363